000 00762naa a2200217 i 4500
001 96057
003 ES-MaBCM
005 20241016130305.0
008 040305s2004 fra 000 0 fre d
021 _axx
035 _a(OCoLC)1365230415
040 _cES-MaBCM
041 0 _afre
043 _afra
245 0 0 _aLe maire
520 _aDossier sobre el tema : El alcalde, agente del Estado. El alcalde hoy. Las verdaderas apuestas de la función de alcalde. Más cerca del ciudadano. La fisonomía jurídica del alcalde en el siglo XIX
650 2 7 _aAlcalde
_957501
651 4 _aFrancia
_9115364
773 0 _aEn:
_tLes cahiers de la fonction publique et de l'administration
_dParis : 2004
_w104646
_gnº 230, janv., p. 4-13. - Loc. S.330
942 _cAREV
999 _c96057
_d96057